000 00401nam a2200157Ia 4500
008 210210b1974 xxu||||| |||| 00| 0 eng d
020 _a0 423 49170 9
082 _a548 ROBC
100 _aROBERTS (I F).
245 _aCrystals and their structures.
260 _aLondon
_bMethuen Educational Limited
_c1974
300 _avii,71
650 _aCrystals
690 _aCrystallography
906 _a032956
999 _c84293
_d84293